000
00342nam a2200133Ia 4500
008
151001s9999||||xx |||||||||||||| ||und||
100
_a
निरंजन घाटे
245
_a
द किलर लेडीज
250
_a
1
260
_b
प्राजक्ता
260
_c
2001
300
_a
252
365
_b
21
999
_c
978574
_d
978571